00817nam a2200217Ia 4500003000900000008004100009020002200050040001600072080001500088100002600103245014400129260003200273300001600305650003600321650003800357650002000395650002700415942000700442999001700449952013300466IN-BaIIA211028s9999 xx 000 0 eng d a978-0-241-95771-4 cIIA Library a82.08bPIN aPinker, Steven933145 4aThe sense of stylebthe thinking person's guide to writing in the 21st centurycSteven Pinker  aLondonbPenguin Booksc2015 aviii, 359p. aEnglish language - Style936814 aEnglish language - Writing936815 aRhetoric936816 aStyle, Literary936817 cBK c19256d19256 00104070aBANbBANcGENd2016-07-15eANJ g3359.00l0o82.08/ PINp20178r2021-11-05v3359.00w2016-07-15yBKGRs. 3359.00